Názory učiteľov ekonómie na využívanie prípadových štúdií
Analýza názorov učiteľov ekonómie na vybraných stredných školách v Slovenskej republike na využitie prípadových štúdií v školských predmetoch, ktoré vyučujú. Porovnanie hlavných dôvodov použitia tejto metódy podľa výsledkov prieskumu s bežnými teoretickými predpokladmi, sumarizácia jej hlavných nevý...
Saved in:
| Main Author: | |
|---|---|
| Format: | Book Chapter |
| Language: | Slovak English |
| Subjects: | |
| Tags: |
No Tags, Be the first to tag this record!
|
MARC
| LEADER | 00000naa a2200000 4500 | ||
|---|---|---|---|
| 001 | 0263297 | ||
| 005 | 20240502083757.1 | ||
| 041 | 0 | |a slo | |
| 041 | 0 | |a eng | |
| 044 | |a CZ | ||
| 245 | 1 | 0 | |a Názory učiteľov ekonómie na využívanie prípadových štúdií |c Jaromír Novák |
| 520 | |a Analýza názorov učiteľov ekonómie na vybraných stredných školách v Slovenskej republike na využitie prípadových štúdií v školských predmetoch, ktoré vyučujú. Porovnanie hlavných dôvodov použitia tejto metódy podľa výsledkov prieskumu s bežnými teoretickými predpokladmi, sumarizácia jej hlavných nevýhod. Návrh niekoľkých spôsobov, ako pomôcť učiteľom prekonať ich. | ||
| 610 | 2 | 0 | |a štúdie prípadové |
| 610 | 2 | 0 | |a vzdelávanie |
| 610 | 2 | 0 | |a učitelia |
| 610 | 2 | 0 | |a školy stredné |
| 100 | 1 | |a Novák, Jaromír, 1978- | |